Strategien der Produktpräsentation in der Werbung. Eine linguistisch orientierte Analyse bakalárska práca

Na minha lista:
Detalhes bibliográficos
Autor principal: Pašková, Petra
Autor Corporativo: Fakulta aplikovaných jazykov EU v Bratislave. Katedra jazykovedy a translatológie
Outros Autores: Gašová, Zuzana, 1977-
Formato: Livro
Idioma:alemão
Publicado em: Bratislava 2024
Tags: Adicionar Tag
Sem tags, seja o primeiro a adicionar uma tag!

MARC

LEADER 00000nbm a2200000 4500
001 0303996
005 20250303122113.2
041 0 |a ger 
044 |a SK 
245 1 0 |a Strategien der Produktpräsentation in der Werbung. Eine linguistisch orientierte Analyse  |b bakalárska práca  |c Petra Pašková ; školiteľ: Zuzana Gašová 
264 1 |a Bratislava  |c 2024 
300 |a 41 s. 
100 1 |a Pašková, Petra 
700 1 |a Gašová, Zuzana, 1977- 
710 2 |a Fakulta aplikovaných jazykov EU v Bratislave. Katedra jazykovedy a translatológie